[Event "HUN-chT 2122"]
[Site "Hungary"]
[Date "2021.12.19"]
[Round "4.12"]
[White "Gaal, Zsoka"]
[Black "Pergel, Laszlo"]
[Result "1/2-1/2"]
[WhiteElo "2336"]
[BlackElo "2231"]
[PlyCount "81"]
[EventDate "2021.10.10"]
[EventType "team-tourn"]
[EventRounds "9"]
[EventCountry "HUN"]
[SourceTitle "EXT 2023"]
[Source "ChessBase"]
[SourceDate "2022.10.05"]
[SourceVersion "1"]
[SourceVersionDate "2022.10.05"]
[SourceQuality "1"]
[WhiteTeam "Ajka Sentimento"]
[BlackTeam "Haladas"]
[WhiteTeamCountry "HUN"]
[BlackTeamCountry "HUN"]

1. Nf3 c5 2. c4 e6 3. g3 b6 4. Bg2 Bb7 5. 0-0 Nf6 6. Nc3 Be7 7. d4 cxd4 8. Qxd4 d6 9. Rd1 a6 10. Bg5 Nbd7 11. Qd2 Rc8 12. b3 0-0 13. Rac1 Nc5 14. Bf4 Nfe4 15. Nxe4 Nxe4 16. Qe1 Qc7 17. h4 Rfd8 18. Nh2 Bc6 19. b4 Nf6 20. c5 Nd5 21. Bxd5 exd5 22. cxb6 Qxb6 23. Nf3 Bf6 24. Be3 Qb7 25. Bd4 Bxd4 26. Nxd4 Ba4 27. Rxc8 Rxc8 28. Rc1 Rc4 29. e3 g6 30. Rb1 Qc7 31. Qd2 Bd7 32. Kg2 Qc8 33. Qd1 Bh3+ 34. Kh2 Bf5 35. Nxf5 Qxf5 36. Rb2 Rxh4+ 37. gxh4 Qe5+ 38. Kg2 Qxb2 39. Qxd5 Qxb4 40. Qa8+ Kg7 41. Qxa6 1/2-1/2

[Event "HUN-chT 1718"]
[Site "Hungary"]
[Date "2018.05.06"]
[Round "9.9"]
[White "Pergel, Laszlo"]
[Black "Turzo, Attila"]
[Result "0-1"]
[WhiteElo "2271"]
[BlackElo "2283"]
[PlyCount "111"]
[EventDate "2017.11.25"]
[EventType "team-tourn"]
[EventRounds "9"]
[EventCountry "HUN"]
[SourceTitle "EXT 2019"]
[Source "ChessBase"]
[SourceDate "2018.10.10"]
[SourceVersion "1"]
[SourceVersionDate "2018.10.10"]
[SourceQuality "1"]
[WhiteTeam "HVSE Infraplan"]
[BlackTeam "Kobanya Aquarena"]
[WhiteTeamCountry "HUN"]
[BlackTeamCountry "HUN"]

1. e4 c5 2. Nf3 g6 3. Bc4 Bg7 4. c3 e6 5. d3 d5 6. Bb3 Nc6 7. 0-0 Nge7 8. Re1 0-0 9. Nbd2 e5 10. Nf1 h6 11. Ne3 Be6 12. exd5 Nxd5 13. Nc4 Qc7 14. Qe2 Rfe8 15. Ba4 f6 16. Qc2 Rad8 17. Be3 a6 18. Ncd2 b6 19. a3 f5 20. Bxc6 Qxc6 21. Nc4 Nxe3 22. Nxe3 b5 23. a4 f4 24. Nf1 Bf5 25. axb5 Qxb5 26. c4 Qd7 27. Qa4 Qxa4 28. Rxa4 Bxd3 29. Rxa6 e4 30. Nh4 e3 31. fxe3 fxe3 32. Nf3 Bd4 33. Nxd4 cxd4 34. Ng3 Bc2 35. Nf1 d3 36. Rxe3 Rxe3 37. Nxe3 d2 38. Kf2 d1Q 39. Nxd1 Rxd1 40. c5 Kf7 41. c6 Bf5 42. b4 Rb1 43. Rb6 Rb2+ 44. Kf3 Rb3+ 45. Kf2 Ke7 46. b5 Kd6 47. Rb8 h5 48. h3 Be6 49. Rd8+ Kc7 50. Re8 Rb2+ 51. Ke3 Bf5 52. Re7+ Kd6 53. Rb7 Rxg2 54. c7 Bc8 55. Ra7 Rb2 56. Kf4 0-1

[Event "HUN-chT2 Charousek 1718"]
[Site "Hungary"]
[Date "2018.02.18"]
[Round "6.1"]
[White "Orosz, Andras1111"]
[Black "Pergel, Laszlo"]
[Result "1/2-1/2"]
[WhiteElo "2327"]
[BlackElo "2266"]
[PlyCount "27"]
[EventDate "2017.10.29"]
[EventType "team-tourn"]
[EventRounds "9"]
[EventCountry "HUN"]
[SourceTitle "EXT 2020"]
[Source "ChessBase"]
[SourceDate "2019.10.17"]
[SourceVersion "1"]
[SourceVersionDate "2019.10.17"]
[SourceQuality "1"]
[WhiteTeam "Gyor Szechenyi"]
[BlackTeam "Haladas Szombathely II"]
[WhiteTeamCountry "HUN"]
[BlackTeamCountry "HUN"]

1. e4 c5 2. Nf3 Nc6 3. d4 cxd4 4. Nxd4 Nf6 5. Nc3 d6 6. Be2 e5 7. Nb3 Be7 8. 0-0 0-0 9. Re1 a5 10. a4 Be6 11. Bf3 Nb4 12. Bg5 Qb6 13. Be3 Qc6 14. Qd2 1/2-1/2

[Event "HUN-chT 1617"]
[Site "Hungary"]
[Date "2016.12.11"]
[Round "4.9"]
[White "Pergel, Laszlo"]
[Black "Szeberenyi, Adam"]
[Result "1/2-1/2"]
[WhiteElo "2280"]
[BlackElo "2363"]
[PlyCount "33"]
[EventDate "2016.10.30"]
[EventType "team-tourn"]
[EventRounds "9"]
[EventCountry "HUN"]
[SourceTitle "EXT 2018"]
[Source "ChessBase"]
[SourceDate "2017.10.13"]
[SourceVersion "1"]
[SourceVersionDate "2017.10.13"]
[SourceQuality "1"]
[WhiteTeam "HVSE Infraplan"]
[BlackTeam "Penzugyor"]
[WhiteTeamCountry "HUN"]
[BlackTeamCountry "HUN"]

1. e4 c5 2. Nf3 e6 3. d4 cxd4 4. Nxd4 a6 5. g3 Nc6 6. Bg2 Qc7 7. 0-0 Nf6 8. Re1 Nxd4 9. Qxd4 Bc5 10. Qd1 d6 11. c4 e5 12. Nc3 Be6 13. Nd5 Bxd5 14. cxd5 Qb6 15. Qa4+ Ke7 16. Be3 Bxe3 17. Rxe3 1/2-1/2

[Event "HUN-chT 1415"]
[Site "Hungary"]
[Date "2015.02.08"]
[Round "6.3"]
[White "Pergel, Laszlo"]
[Black "Juhasz, Armin"]
[Result "1-0"]
[WhiteElo "2255"]
[BlackElo "2301"]
[PlyCount "97"]
[EventDate "2014.10.12"]
[EventType "team-tourn"]
[EventRounds "9"]
[EventCountry "HUN"]
[SourceTitle "EXT 2016"]
[Source "ChessBase"]
[SourceDate "2015.10.08"]
[SourceVersion "1"]
[SourceVersionDate "2015.10.08"]
[SourceQuality "1"]
[WhiteTeam "HVSE Infraplan"]
[BlackTeam "Budapest Titanok"]
[WhiteTeamCountry "HUN"]
[BlackTeamCountry "HUN"]

1. e4 c6 2. d4 d5 3. Nd2 dxe4 4. Nxe4 Bf5 5. Ng3 Bg6 6. f4 e6 7. Nf3 Bd6 8. h4 Nh6 9. h5 Bf5 10. Nxf5 Nxf5 11. Bd3 Qc7 12. Qd2 Nd7 13. Bxf5 exf5 14. Qe3+ Be7 15. 0-0 Nf6 16. h6 g6 17. Re1 Ng4 18. Qe2 Kf8 19. Ne5 Nxh6 20. b3 Re8 21. Bb2 f6 22. Nd3 Kg7 23. c4 Nf7 24. Qf3 b6 25. c5 bxc5 26. Nxc5 Bxc5 27. dxc5 Rxe1+ 28. Rxe1 Qa5 29. Qc3 Qxc3 30. Bxc3 a6 31. Re6 Rc8 32. Bxf6+ Kf8 33. Re7 Re8 34. Rc7 Re6 35. Rc8+ Re8 36. Rxc6 Nh6 37. Be5 Ng4 38. Rxa6 g5 39. g3 Nxe5 40. fxe5 Rxe5 41. b4 Re4 42. b5 Rb4 43. c6 Ke7 44. c7 Kd7 45. Rc6 Kc8 46. b6 f4 47. Rf6 Kb7 48. Rf8 Rc4 49. Rb8+ 1-0

[Event "EU-Cup 30th"]
[Site "Bilbao"]
[Date "2014.09.18"]
[Round "5.6"]
[White "Teitsson, Magnus"]
[Black "Pergel, Laszlo"]
[Result "1/2-1/2"]
[WhiteElo "2197"]
[BlackElo "2241"]
[PlyCount "60"]
[EventDate "2014.09.14"]
[EventType "team-swiss"]
[EventRounds "7"]
[EventCountry "ESP"]
[SourceTitle "CBM 163"]
[Source "ChessBase"]
[SourceDate "2014.11.11"]
[SourceVersion "1"]
[SourceVersionDate "2014.11.11"]
[SourceQuality "1"]
[WhiteTeam "Huginn"]
[BlackTeam "Szombathely"]
[WhiteTeamCountry "ISL"]
[BlackTeamCountry "HUN"]

1. d4 Nf6 2. c4 e6 3. g3 d5 4. Bg2 Be7 5. Nf3 0-0 6. 0-0 Nbd7 7. Qc2 c6 8. Nbd2 b6 9. e4 Bb7 10. e5 Ne8 11. cxd5 cxd5 12. Re1 Rc8 13. Qd1 Qc7 14. Nf1 Qc2 15. Qxc2 Rxc2 16. Ne3 Rc8 17. Bd2 g6 18. Rec1 Ng7 19. Bf1 Rxc1 20. Rxc1 Rc8 21. Rxc8+ Bxc8 22. b4 a6 23. a4 Nb8 24. Be2 Bd7 25. Bd1 Nf5 26. Nxf5 gxf5 27. Ne1 Nc6 28. Nc2 Nb8 29. Ne1 Nc6 30. Nc2 Nb8 1/2-1/2

[Event "HUN-chT 1314"]
[Site "Hungary"]
[Date "2014.03.23"]
[Round "7"]
[White "Pergel, Laszlo"]
[Black "Juhasz, Kristof"]
[Result "1/2-1/2"]
[WhiteElo "2240"]
[BlackElo "2315"]
[PlyCount "28"]
[EventDate "2013.09.08"]
[EventType "team-tourn"]
[EventRounds "9"]
[EventCountry "HUN"]
[SourceTitle "EXT 2015"]
[Source "ChessBase"]
[SourceDate "2014.11.20"]
[SourceVersion "1"]
[SourceVersionDate "2014.11.20"]
[SourceQuality "1"]
[WhiteTeam "HVSE Infraplan"]
[BlackTeam "Budapest Titanok"]
[WhiteTeamCountry "HUN"]
[BlackTeamCountry "HUN"]

1. e4 c6 2. d4 d5 3. Nd2 dxe4 4. Nxe4 Bf5 5. Ng3 Bg6 6. h4 h6 7. f4 e6 8. Nf3 Nf6 9. h5 Bh7 10. Bd3 Bxd3 11. Qxd3 Nbd7 12. Bd2 Qc7 13. 0-0-0 c5 14. Ne5 cxd4 1/2-1/2

[Event "EU-Cup 29th"]
[Site "Rhodes"]
[Date "2013.10.26"]
[Round "7.6"]
[White "Ebert, Christian"]
[Black "Pergel, Laszlo"]
[Result "0-1"]
[WhiteElo "2008"]
[BlackElo "2249"]
[PlyCount "38"]
[EventDate "2013.10.20"]
[EventType "team-swiss"]
[EventRounds "7"]
[EventCountry "GRE"]
[SourceTitle "CBM 157"]
[Source "ChessBase"]
[SourceDate "2013.11.12"]
[SourceVersion "1"]
[SourceVersionDate "2013.11.12"]
[SourceQuality "1"]
[WhiteTeam "Baden Invest"]
[BlackTeam "Szombathely"]
[WhiteTeamCountry "AUT"]
[BlackTeamCountry "HUN"]

1. e4 c5 2. d4 cxd4 3. c3 d3 4. c4 Nc6 5. Bxd3 d6 6. Nc3 Nf6 7. h3 e6 8. f4 g6 9. Nf3 Bg7 10. 0-0 0-0 11. Be3 d5 12. Bc5 Re8 13. e5 Nh5 14. Ng5 Nxe5 15. cxd5 Nxf4 16. Nxf7 Qc7 17. Ne4 Nexd3 18. Nfd6 Rf8 19. Nb5 Qe5 0-1

[Event "Zalakaros op 31st"]
[Site "Zalakaros"]
[Date "2012.06.13"]
[Round "6"]
[White "Pergel, Laszlo"]
[Black "Meszaros, Tamas"]
[Result "0-1"]
[WhiteElo "2237"]
[BlackElo "2446"]
[PlyCount "98"]
[EventDate "2012.06.08"]
[EventType "swiss"]
[EventRounds "9"]
[EventCountry "HUN"]
[SourceTitle "EXT 2014"]
[Source "ChessBase"]
[SourceDate "2013.11.20"]
[SourceVersion "1"]
[SourceVersionDate "2013.11.20"]
[SourceQuality "1"]

1. e4 c5 2. Nf3 e6 3. d4 cxd4 4. Nxd4 a6 5. c4 Nf6 6. Nc3 d6 7. Be2 Be7 8. 0-0 Qc7 9. Be3 b6 10. f3 Bb7 11. Qd2 Nbd7 12. Rfc1 Rc8 13. Bf1 Qb8 14. Kh1 h6 15. a4 g5 16. a5 bxa5 17. Nb3 Bxe4 18. Nxe4 Nxe4 19. fxe4 Qxb3 20. Rxa5 Nc5 21. Bxc5 dxc5 22. Rxa6 Qb7 23. Qa5 0-0 24. Qa3 Qxe4 25. Qh3 Qf4 26. Re1 Qf2 27. Raa1 Kg7 28. Bd3 Qxb2 29. Ra7 Qc3 30. Rf1 Rcd8 31. Rxe7 Qxd3 32. Qxd3 Rxd3 33. Rc7 Kg6 34. h3 Rd2 35. Rxc5 Ra8 36. Rc7 f6 37. Re1 Raa2 38. Rxe6 Rxg2 39. Rcc6 Rh2+ 40. Kg1 Rag2+ 41. Kf1 Rf2+ 42. Kg1 Rhg2+ 43. Kh1 Rg3 44. c5 Rxh3+ 45. Kg1 Rhf3 46. Rcd6 Rf1+ 47. Kg2 R3f2+ 48. Kg3 h5 49. c6 h4+ 0-1

[Event "Zalakaros op 31st"]
[Site "Zalakaros"]
[Date "2012.06.12"]
[Round "5"]
[White "Bokros, Albert"]
[Black "Pergel, Laszlo"]
[Result "1/2-1/2"]
[WhiteElo "2476"]
[BlackElo "2237"]
[PlyCount "32"]
[EventDate "2012.06.08"]
[EventType "swiss"]
[EventRounds "9"]
[EventCountry "HUN"]
[SourceTitle "EXT 2014"]
[Source "ChessBase"]
[SourceDate "2013.11.20"]
[SourceVersion "1"]
[SourceVersionDate "2013.11.20"]
[SourceQuality "1"]

1. e4 c5 2. Nf3 Nc6 3. g3 d6 4. d4 cxd4 5. Nxd4 Nf6 6. Bg2 Bg4 7. Ne2 Qc8 8. Nbc3 Bh3 9. 0-0 Bxg2 10. Kxg2 g6 11. h3 Bg7 12. g4 h6 13. Be3 b5 14. Ng3 Qb7 15. a3 Rc8 16. Qd3 a6 1/2-1/2

[Event "HUN-chT2 Charousek 1112"]
[Site "Hungary"]
[Date "2012.05.06"]
[Round "10"]
[White "Krutti, Valer"]
[Black "Pergel, Laszlo"]
[Result "1-0"]
[WhiteElo "2359"]
[BlackElo "2245"]
[PlyCount "103"]
[EventDate "2011.09.25"]
[EventType "team-tourn"]
[EventRounds "11"]
[EventCountry "HUN"]
[SourceTitle "EXT 2013"]
[Source "ChessBase"]
[SourceDate "2012.11.22"]
[SourceVersion "1"]
[SourceVersionDate "2012.11.22"]
[SourceQuality "1"]
[WhiteTeam "Aquaprofit II"]
[BlackTeam "Haladas II"]
[WhiteTeamCountry "HUN"]
[BlackTeamCountry "HUN"]

1. d4 Nf6 2. c4 e6 3. g3 d5 4. Bg2 Be7 5. Nf3 0-0 6. 0-0 Nbd7 7. Qc2 c6 8. Rd1 b6 9. b3 Bb7 10. Nc3 Rc8 11. e4 a6 12. Bf4 Nh5 13. Be3 Qc7 14. Nd2 g6 15. Qb2 dxe4 16. Ndxe4 Ndf6 17. h3 Nxe4 18. Nxe4 f5 19. Ng5 Bxg5 20. Bxg5 f4 21. g4 f3 22. Bf1 Nf4 23. Re1 Rce8 24. Bh6 c5 25. Bxf8 Rxf8 26. d5 exd5 27. cxd5 Bxd5 28. Qe5 Qf7 29. Rad1 Ne2+ 30. Kh1 Ba8 31. Rd6 Re8 32. Qa1 Ng3+ 33. Kg1 Ne2+ 34. Bxe2 fxe2 35. Qf6 Qb7 36. f3 b5 37. Rxe2 Rf8 38. Rd8 Rxd8 39. Qxd8+ Kf7 40. Qd6 c4 41. Qe6+ Kg7 42. Qe7+ Qxe7 43. Rxe7+ Kf6 44. Re3 Bd5 45. f4 a5 46. bxc4 Bxc4 47. a3 h5 48. Kf2 hxg4 49. hxg4 Be6 50. g5+ Kf7 51. Re5 Bc4 52. Ke3 1-0

[Event "Oberwart op"]
[Site "Oberwart"]
[Date "2011.07.14"]
[Round "6"]
[White "Pergel, Laszlo"]
[Black "Huber, Martin Christian"]
[Result "1/2-1/2"]
[WhiteElo "2258"]
[BlackElo "2096"]
[PlyCount "35"]
[EventDate "2011.07.09"]
[EventType "swiss"]
[EventRounds "9"]
[EventCountry "AUT"]
[SourceTitle "CBM 143 Extra"]
[Source "ChessBase"]
[SourceDate "2011.08.29"]
[SourceVersion "1"]
[SourceVersionDate "2011.08.29"]
[SourceQuality "1"]

1. e4 e5 2. Nf3 Nc6 3. Bc4 Bc5 4. c3 Nf6 5. d4 exd4 6. 0-0 Nxe4 7. cxd4 d5 8. dxc5 dxc4 9. Qxd8+ Kxd8 10. Ng5 Nxg5 11. Bxg5+ f6 12. Rd1+ Bd7 13. Be3 Kc8 14. Na3 Be6 15. Nb5 a6 16. Nd4 Nxd4 17. Rxd4 a5 18. Re1 1/2-1/2

[Event "Oberwart op"]
[Site "Oberwart"]
[Date "2011.07.11"]
[Round "3"]
[White "Koller, Hans Juergen"]
[Black "Pergel, Laszlo"]
[Result "0-1"]
[WhiteElo "2088"]
[BlackElo "2258"]
[PlyCount "98"]
[EventDate "2011.07.09"]
[EventType "swiss"]
[EventRounds "9"]
[EventCountry "AUT"]
[SourceTitle "CBM 143 Extra"]
[Source "ChessBase"]
[SourceDate "2011.08.29"]
[SourceVersion "1"]
[SourceVersionDate "2011.08.29"]
[SourceQuality "1"]

1. d4 Nf6 2. c4 e6 3. g3 d5 4. Bg2 Be7 5. Nf3 0-0 6. 0-0 c6 7. Qc2 Nbd7 8. Nbd2 b6 9. e4 Bb7 10. e5 Ne8 11. cxd5 cxd5 12. Re1 Rc8 13. Qd1 b5 14. Nf1 Nb6 15. b3 b4 16. h4 Nc7 17. N1h2 Nb5 18. Ng5 g6 19. Nh3 Ba6 20. Bh6 Re8 21. Ng5 Qc7 22. Ng4 Qc2 23. Bf1 Qxd1 24. Rexd1 Nd7 25. Rac1 Nb8 26. Bxb5 Bxb5 27. Nf6+ Bxf6 28. exf6 Nd7 29. Bg7 Rc3 30. h5 gxh5 31. Rxc3 bxc3 32. Kg2 c2 33. Rc1 Bd3 34. Kf3 h6 35. Nh3 e5 36. Ke3 Bf5 37. Ng1 Kh7 38. Nf3 exd4+ 39. Kxd4 Bg4 40. Nh4 Bd1 41. Nf5 Re2 42. f4 Rd2+ 43. Ke3 Rg2 44. Kd4 h4 45. gxh4 Rf2 46. Bxh6 Kg6 47. Ne7+ Kxh6 48. Nxd5 Rd2+ 49. Kc4 Be2+ 0-1

[Event "Oberwart op"]
[Site "Oberwart"]
[Date "2011.07.09"]
[Round "1"]
[White "Langwieser, Alexander"]
[Black "Pergel, Laszlo"]
[Result "1/2-1/2"]
[WhiteElo "1989"]
[BlackElo "2258"]
[PlyCount "56"]
[EventDate "2011.07.09"]
[EventType "swiss"]
[EventRounds "9"]
[EventCountry "AUT"]
[SourceTitle "CBM 143 Extra"]
[Source "ChessBase"]
[SourceDate "2011.08.29"]
[SourceVersion "1"]
[SourceVersionDate "2011.08.29"]
[SourceQuality "1"]

1. e4 c5 2. c3 Nf6 3. e5 Nd5 4. Nf3 e6 5. Bc4 Nb6 6. Bb3 d6 7. exd6 Bxd6 8. d4 Bd7 9. 0-0 Qc7 10. Qe2 c4 11. Bc2 Bc6 12. Nbd2 Bd5 13. Ne4 Be7 14. g3 N8d7 15. Bf4 Qc6 16. Rfe1 0-0-0 17. Ned2 h6 18. Ne5 Nxe5 19. dxe5 g5 20. Be3 h5 21. Bd4 h4 22. g4 Kb8 23. b3 h3 24. Ne4 Nd7 25. Qe3 b6 26. f3 Rhf8 27. bxc4 Bxc4 28. Bb3 Bxb3 1/2-1/2